000 01133nam a22002777a 4500
003 dpl
005 20180911110723.0
008 180911b xxu||||| |||| 00| 0 eng d
010 _aB-113632
020 _c100.00
_a8187482354
035 _aB-113632, B-113640
037 _bCen Lib/Ret
040 _aDPL
_bHN
_c0
082 _a
_bज्योत्स्ना
100 _aज्योत्स्ना मिलन
_944829
245 _aउम्मीद की दूसरी सूरत /
_cज्योत्स्ना मिलन
246 _aUmmid ki dusri surat
_bby Jyotsna Milan
260 _aबीकानेर
_bवाग्देवी प्रकाशन
_c2003
270 _aसुगन निवास चन्दन सागर
_bबीकानेर
300 _a103पृष्ठ.
_c21सेमी(सजिल्द)
650 _aहिंदी साहित्य
_971289
650 _a हिंदी कहानी
_971290
650 _aHindi literature
_971291
650 _aHindi story
_943117
942 _2ddc
_cHN
_h
_mज्योत्स्ना
999 _c117308
_d117308